00529nam a2200169Ia 4500008004100000020001500041020001800056041001300074050002200087100002000109245008100129260004600210300002100256500004600277650001400323700002200337200830s9999||||xx |||||||||||||| ||und|| a0804222355 a9780804222358 aenghger aHQ739b.T613 1967 aTournier, Paul  0aTo understand each otherb /cPaul Tournier ; translated by John S. Gilmour. aAtlanta : bJohn Knox Press,c1996, c1962 a63 p.b;c21 cm. aTranslation of: Difficultés conjugales. aMarriage. aGilmour, John S.